№ 2 (вып. 24); Памятники Отечества; Аввакум XX века; Ревнитель родной старины; Вторичное погребение Потемкина
| Parent link: | Памятники Отечества: Альманах/ Всероссийское общество охраны памятников истории и культуры ; ред. И. В. Петрянов-Соколов. № 2 (вып. 24).— , 1981- |
|---|---|
| Altri autori: | |
| Lingua: | russo |
| Pubblicazione: |
1991
|
| TOC: | В. А. Десятников, Аввакум XX века; А. И. Фролов, Ревнитель родной старины; Б. А. Лавренев, Вторичное погребение Потемкина; |
| Soggetti: | |
| Natura: | Libro |
| KOHA link: | https://koha.lib.tpu.ru/cgi-bin/koha/opac-detail.pl?biblionumber=21320 |
MARC
| LEADER | 00000nam2a2200000 4500 | ||
|---|---|---|---|
| 001 | 21320 | ||
| 005 | 20231101205424.0 | ||
| 035 | |a (RuTPU)RU\TPU\book\21518 | ||
| 035 | |a BOOK00021588 | ||
| 090 | |a 21320 | ||
| 100 | |a 20011209d1991 m y0rusy50 ca | ||
| 101 | 0 | |a rus | |
| 102 | |a RU | ||
| 105 | |a a z 010zd | ||
| 200 | 0 | |a № 2 (вып. 24) |f Гл. ред. С. Н. Разгонов | |
| 210 | |d 1991 | ||
| 215 | |a 158 с. |c ил. | ||
| 390 | |a Номер посвящен 25-летию Всероссийского общества охраны памятников истории и культуры | ||
| 461 | 1 | |0 (RuTPU)RU\TPU\book\145950 |t Памятники Отечества |o Альманах |f Всероссийское общество охраны памятников истории и культуры ; ред. И. В. Петрянов-Соколов |v № 2 (вып. 24) |d 1981- | |
| 464 | |t Аввакум XX века |f В. А. Десятников | ||
| 464 | |t Ревнитель родной старины |f А. И. Фролов | ||
| 464 | |t Вторичное погребение Потемкина |f Б. А. Лавренев | ||
| 600 | 1 | |a Барановский |b П. Д. |c исследователь и реставратор памятников архитектуры |c реставрировал храм Василия Блаженного в Москве |f 1892-1990 |g Петр Дмитриевич |2 stltpush |3 (RuTPU)RU\TPU\pers\21650 | |
| 600 | 1 | |a Быковский |b К. М. |c российский архитектор |f 1841-1906 |g Константин Михайлович |2 stltpush |3 (RuTPU)RU\TPU\pers\21651 |9 9114 | |
| 600 | 1 | |a Потемкин-Таврический |g Григорий Александрович |b Г. А. |c российский государственный и военный деятель |c генерал-фельдмаршал |f 1739-1791 |2 stltpush |3 (RuTPU)RU\TPU\pers\257 | |
| 610 | 1 | |a искусство | |
| 610 | 1 | |a история | |
| 610 | 1 | |a Россия | |
| 610 | 1 | |a культура | |
| 610 | 1 | |a памятники | |
| 610 | 1 | |a русская культура | |
| 610 | 1 | |a культурные ценности | |
| 610 | 1 | |a Гжель | |
| 610 | 1 | |a Валаам | |
| 610 | 1 | |a альманахи | |
| 686 | |a Т3(2)0 |v LBC/SL-A |2 rubbk | ||
| 702 | 1 | |a Разгонов |b С. Н. |4 340 | |
| 801 | 0 | |a RU |b 63413507 |c 20011209 |g PSBO | |
| 801 | 2 | |a RU |b 63413507 |c 20140228 |g PSBO | |
| 942 | |c BK | ||